000 00670nam a2200217 a 4500
999 _c3385
_d3385
001 3385
003 BD-JhCC
005 20171113194951.0
008 171105s1379 bg |||| |||| 000 0 ben d
035 _a(BD-JhCC)3385
040 _aBD-JhCC
_dBD-JhCC
041 _aben
082 _a891.4415
_bRAB 1379
100 _aঘোষ, সাধন
245 _aরবীন্দ্রনাথের কল্পনা /
_cসাধন ঘোষ (সম্পাদিত)
260 _aবরিশাল :
_bশব্দসিঁড়ি প্রকাশনী,
_c1379.
300 _a81 p. :
_c21 cm.
650 _aBengali Poetry
942 _2ddc
_cBK